Top 10 AS Roma Starting XI - Statistics

General Stats
  • This quiz has been taken 1,783 times
  • The average score is 27 of 56
Answer Stats
Team Player % Correct
2015-16, 2016-17, 2017-18 Edin Džeko
95%
2015-16, 2016-17 Mohamed Salah
95%
2000-01, 2001-02, 2003-04, 2006-07, 2007-08, 2009-10, 2013-14 Francesco Totti
93%
2015-16, 2016-17, 2017-18 Kostas Manolas
88%
2013-14, 2015-16 Miralem Pjanić
87%
2015-16, 2016-17 Wojciech Szczęsny
87%
2006-07, 2007-08, 2009-10, 2013-14, 2015-16, 2016-17 Daniele De Rossi
85%
2017-18 Alisson
79%
2015-16, 2016-17, 2017-18 Radja Nainggolan
79%
2015-16, 2016-17 Antonio Rüdiger
77%
2013-14, 2016-17, 2017-18 Kevin Strootman
72%
2017-18 Aleksandar Kolarov
71%
2013-14 Gervinho
71%
2013-14, 2015-16, 2017-18 Alessandro Florenzi
66%
2016-17, 2017-18 Federico Fazio
65%
2000-01, 2001-02 Gabriel Batistuta
65%
2013-14 Medhi Benatia
64%
2015-16, 2017-18 Stephan El Shaarawy
64%
2009-10 Mirko Vučinić
57%
2000-01, 2001-02 Cafú
56%
2003-04, 2006-07 Cristian Chivu
56%
2009-10 John Arne Riise
55%
2013-14 Maicon
54%
2017-18 Lorenzo Pellegrini
51%
2017-18 Diego Perotti
48%
2015-16 Lucas Digne
45%
2016-17 Emerson
44%
2016-17 Bruno Peres
43%
2001-02, 2003-04 Emerson
43%
2000-01, 2001-02, 2003-04 Walter Samuel
43%
2009-10 Juan
42%
2013-14 Morgan De Sanctis
42%
2006-07, 2007-08 Philippe Mexès
41%
2006-07, 2007-08, 2009-10 David Pizarro
39%
2003-04, 2006-07, 2007-08 Mancini
38%
2006-07, 2007-08, 2009-10 Simone Perrotta
37%
2000-01, 2001-02 Vincent Candela
36%
2003-04 Antonio Cassano
34%
2006-07, 2007-08, 2009-10 Rodrigo Taddei
33%
2006-07, 2007-08 Doni
32%
2000-01, 2001-02 Marco Delvecchio
31%
2013-14 Leandro Castán
30%
2009-10 Nicolás Burdisso
29%
2009-10 Júlio Sérgio
27%
2001-02, 2003-04, 2006-07, 2007-08 Christian Panucci
25%
2000-01, 2001-02 Damiano Tommasi
25%
2000-01, 2001-02, 2003-04 Jonathan Zebina
25%
2000-01, 2001-02 Francesco Antonioli
23%
2007-08, 2009-10 Marco Cassetti
22%
2013-14 Dodô
21%
2000-01 Antônio Carlos
20%
2000-01 Cristiano Zanetti
17%
2006-07, 2007-08 Max Tonetto
17%
2003-04 Olivier Dacourt
17%
2003-04 Ivan Pelizzoli
14%
2003-04 Francisco Lima
11%
No matching quizzes found
Score Distribution
Percent of People with Each Score
Percentile by Number Answered
Your Score History
You have not taken this quiz